|
|
|
|
| LEADER |
00825aam a22002178a 4500 |
| 001 |
00040793 |
| 005 |
20180130080109.0 |
| 008 |
120403s2007 ||||||viesd |
| 020 |
# |
# |
|c 100000
|a 978 604 73 3619 7
|
| 041 |
0 |
# |
|a vie
|
| 082 |
1 |
4 |
|a 895.922 090 03
|b GI108TR
|
| 100 |
1 |
# |
|a Phạm, Thanh Hùng
|
| 245 |
1 |
0 |
|a Giáo trình Văn học Việt Nam
|c Phạm Thanh Hùng
|b Từ thế kỷ XVIII đến nửa đầu thế kỉ XIX
|
| 260 |
# |
# |
|a TP. Hồ Chí Minh
|b Đại Học Quốc gia TP. Hồ Chí Minh
|c 2015
|
| 300 |
# |
# |
|a 294 tr.
|c 21 cm.
|
| 653 |
# |
# |
|a Giáo trình
|
| 653 |
# |
# |
|a Việt Nam
|
| 653 |
# |
# |
|a Văn Học
|
| 852 |
# |
# |
|j KGT.0053449
|j KD.0023145
|j KGT.0059616
|j KGT.0059617
|
| 910 |
|
|
|d 22/01/2018
|
| 980 |
# |
# |
|a Trung tâm Học liệu Lê Vũ Hùng, Trường Đại học Đồng Tháp
|